| 000 | 01817nam a2200301 i 4500 | ||
|---|---|---|---|
| 001 | 000033463 | ||
| 003 | DO-SdBNP | ||
| 005 | 20260321073642.0 | ||
| 007 | ta | ||
| 008 | 110324s1964 mx 001 | spa d | ||
| 040 |
_aDO-SdBNP _bspa _cBNPHU _eda |
||
| 082 | 4 |
_a320.97293 _bB742c _222 |
|
| 100 | 1 |
_a Bosch, Juan, _d1909-2001 _eautor _4aut. _976555 |
|
| 245 | 1 | 0 |
_aCrisis de la democracia de América en la República dominicana / _cJuan Bosch. |
| 264 |
_aMéxico : _bCentro de Estudios y Documentación Sociales, _c@1964. |
||
| 300 |
_a226 páginas ; _a19 cm. |
||
| 336 |
_atexto _btxt _2rdacontent |
||
| 337 |
_asin mediación _bn _2rdamedia |
||
| 338 |
_avolumen _bnc _2rdacarrier |
||
| 490 | 1 |
_aEstudios y documentos _v14 |
|
| 500 | _aIncluye índice analítico. | ||
| 505 | 0 |
_aIntroducción -- _tA la muerte del tirano -- _tEl Partido Revolucionario Dominicano en la hora crítica -- _tLa juventud desviada -- _tLos patriotas y sus planes -- _tLos patriotas conquistan el poder -- _tLa composición social dominicana -- _tLa clase media en el campo político -- _tLa lengua nueva -- _tPolítica y conspiración -- _tUna escuela de política -- _tGolpe primero elecciones después -- _tEl papel de la Iglesia en el golpe -- _tComunismo y democracia -- _tLa Alianza para el Progreso -- _tLos hombres de la Alianza -- _tEl CIDES, una experiencia importante -- _tLos conflictos con Haití -- _tEl papel de la corrupción en el golpe -- _tTrujillo, el jefe militar del golpe -- _tLos sectores sociales en las fuerzas armadas -- _tJuventud y masas populares, reserva del porvenir _tÍndice analítico. |
|
| 590 | _aInventariado, 2021 / DG | ||
| 651 | 0 |
_aRepública Dominicana _xPolítica y gobierno _945 |
|
| 651 | 4 |
_aRepública Dominicana _xHistoria _y1961-1965 _9480 |
|
| 910 | _aValidado. Control de calidad BNPHU | ||
| 942 |
_2ddc _cLBS1 |
||
| 999 |
_c32954 _d32954 |
||